000 00481nam a2200205Ia 4500
003 OSt
005 20221005120803.0
006 a|||||r|||| 00| 0
007 ta
008 221004b |||||||| |||| 00| 0 eng d
024 _a76252
037 _cTextual
040 _aCRL
_cCRL
_beng
041 _2eng
_aeng
245 0 _aFar Eastern Bibliography (Far Eastern Association)
260 _c0000
650 _aBIBLIOGRAPHY
942 _cTEXL
_2cc
999 _c1039122
_d1039122